00379 2200145 4500001002100000005001500021035002000036245007400056100002200130300001200152260003500164082000800199084001400207990001200221INLIS00000000000190620250520093920 a0010-05250001981 aMatematika SMA :bCara Pintar Belajar Matematika /cTim Cipta Eksakta0 aTim Cipta Eksakta a218 hlm aBandung :bEpsilon Grup,c2016 a510 a510 TIM m a0754782